Roh : suatu analisa tentang roh-roh orang mati dan orang hidup

Bibliographic Details
Main Author: Ibnul Qayyim
Other Authors: Syed Ahmad Semaut
Format: Book
Published: Singapura : Pustaka Nasional , 1992
Subjects:

MARC

LEADER 00000cam a2200000 7i4500
001 0000004548
002 000004903
005 .0
020 |a 9971772949 
090 0 0 |a 297.23   |b IBN 
100 0 |a Ibnul Qayyim 
245 1 0 |a Roh :   |b suatu analisa tentang roh-roh orang mati dan orang hidup   |c Ibnul Qayyim ; terjemahan Syed Ahmad Semaut 
260 |a Singapura :   |b Pustaka Nasional ,   |c 1992 
300 |a 551p. ;   |c 22cm. 
650 0 0 |a Eschatology, Islamic 
700 0 |a Syed Ahmad Semaut 
999 |a 034630   |b BUKU   |c PINJAMAN   |e PERPUSTAKAAN KOMUNITI PETALING JAYA 
999 |a 034631   |b BUKU   |c PINJAMAN   |e PERPUSTAKAAN KOMUNITI PETALING JAYA